ბათუმის შოთა რუსთაველის სახელმწიფო უნივერსიტეტის ბიბლიოთეკა

Основные понятия теории вероятностей. (ბიბ.ჩანაწერი № 39107)

000 -LEADER
fixed length control field 00675nam a2200217Ia 4500
001 - CONTROL NUMBER
control field 5682
003 - CONTROL NUMBER IDENTIFIER
control field GE_BSU
008 - FIXED-LENGTH DATA ELEMENTS--GENERAL INFORMATION
fixed length control field 181216s||||||||xx |||||||||||||| ||und||
040 ## - CATALOGING SOURCE
Transcribing agency GE_BSU
080 ## - UNIVERSAL DECIMAL CLASSIFICATION NUMBER
Universal Decimal Classification number 519.2
100 ## - MAIN ENTRY--PERSONAL NAME
Personal name Колмогоров А.Н.
245 ## - TITLE STATEMENT
Title Основные понятия теории вероятностей.
245 ## - TITLE STATEMENT
Remainder of title . Теория вероятностей и математическая статистика.
250 ## - EDITION STATEMENT
Edition statement Изд. 2-Е
260 ## - PUBLICATION, DISTRIBUTION, ETC.
Place of publication, distribution, etc. Москва
260 ## - PUBLICATION, DISTRIBUTION, ETC.
Name of publisher, distributor, etc. Наука
260 ## - PUBLICATION, DISTRIBUTION, ETC.
Date of publication, distribution, etc. 1974
300 ## - PHYSICAL DESCRIPTION
Extent 119 с. 20 см.
653 ## - INDEX TERM--UNCONTROLLED
Uncontrolled term Основные понятия теории вероятностей.
942 ## - ADDED ENTRY ELEMENTS (KOHA)
Koha item type წიგნი
ეგზემპლარები
Withdrawn status Lost status Damaged status Not for loan Date acquired Barcode Date last seen Price effective from Koha item type Public note
        2018-12-17 16308 2018-12-17 2018-12-17 წიგნი დარბაზი